000 00345 a2200145 4500
001 169298
020 _a
040 _cMagnum
100 _aAlmeida, Rosangela D. de
240 1 0 _aO espaco geografico: ensino e representacao
_lpor
245 1 0 _aO espaco geografico: ensino e representacao
362 0 _a1899
697 _aGERAL
942 _cBK
999 _c169298
_d169298